000 01738cas a2200529 a 4500
001 data
005 20260322212101.0
008 data
010 _a 90657538
_zsc 83003369
016 7 _a8211519
_2DNLM
016 7 _aH02090000
_zJ22390000
_2DNLM
022 0 _a0254-5942
_2z
023 0 _a0254-5942
_2z
029 0 _aNLM
_b8211519
029 1 _aAU@
_b000015430359
030 _aHIHAD3
035 _a(OCoLC)8676513
040 _aNLM
_beng
_cNLM
_dOCLCQ
_dAIP
_dNSD
_dDLC
_dOCLCQ
_dOCLCO
_dOCLCF
_dOCLCQ
_dNLM
_dOCLCO
_dOCLCA
_dOCLCQ
041 0 _akor
_beng
042 _ansdp
_ansdp
050 0 0 _aR97.7.K6
_bH38
060 0 0 _aW1
_bHA539
210 0 _aHanṅyaṅ ṅüi-dai hagsur ji
222 0 _aHanṅyaṅ ṅüi-dai hagsur ji
245 0 0 _aHanyang Ŭidae haksulchi =
_bThe journal of Hanyang Medical College.
246 3 1 _aJournal of Hanyang Medical College
260 _a[Sŏul] :
_bHanyang Taehakkyo Ŭikwa Taehak,
_c1981-
300 _avolumes :
_billustrations ;
_c26 cm
310 _aIrregular
336 _atext
_btxt
_2rdacontent
337 _aunmediated
_bn
_2rdamedia
338 _avolume
_bnc
_2rdacarrier
362 0 _aVol. 1, no. 1-
510 2 _aChemical abstracts
_x0009-2258
515 _aVol. 1, no. 1 called also ch'angganho.
546 _aIn Korean, with summaries in English.
588 _aLatest issue consulted: Vol. 8, no. 2, published in 1988.
650 0 _aMedicine.
650 2 _aMedicine.
650 7 _aMedicine.
_2fast
_0(OCoLC)fst01014893
655 2 _aPeriodical.
710 2 _aHanyang Taehakkyo.
_bŬikwa Taehak.
906 _a7
_bcbc
_cserials
_d3
_encip
_f19
_gn-oclcserc
890 _aHanyang Ŭidae haksulchi.
991 _bc-Asian
_hR97.7.K6
_iH38
_mKorea
_wSERIALS
999 _c1460
_d1460